[Event "Superettan(Burgsvik-Rockaden,Umea)"]
[Site "?"]
[Date "2014.11.23"]
[Round "3"]
[White "Andersson, Bjorn"]
[Black "Nygren, David"]
[Result "1/2-1/2"]
[WhiteElo "2233"]
[BlackElo "2183"]
[PlyCount "96"]

1. e4 e6 2. d4 d5 3. e5 c5 4. c3 Nc6 5. Nf3 Qb6 6. a3 Nh6 7. b4 cxd4 8. cxd4
Nf5 9. Be3 Be7 10. Bd3 Nxe3 11. fxe3 f5 12. Nc3 O-O 13. O-O Bd7 14. Na4 Qd8 15.
Nc5 b6 16. Nb3 Qe8 17. Qe2 a5 18. b5 Nd8 19. a4 Nf7 20. Rac1 Ra7 21. Rc2 Ba3
22. Ra1 Qe7 23. Rca2 Bb4 24. Rc1 Ba3 25. Rca1 Bb4 26. Rc2 Ba3 27. Ne1 Rc8 28.
Nd2 Rac7 29. Raa2 Bb4 30. Rxc7 Rxc7 31. Rc2 Qd8 32. Kf1 Qc8 33. Nb1 Ng5 34.
Rxc7 Qxc7 35. Qc2 Qxc2 36. Bxc2 Nf7 37. Nd3 Be7 38. Nd2 Nh6 39. Ke2 g5 40. h3
Be8 41. Kf2 Bg6 42. g3 Kf8 43. Ke2 Ke8 44. Kf2 Bh5 45. Nb1 Bg6 46. Nd2 Bh5 47.
Nb1 Bg6 48. Nd2 Bh5 1/2-1/2

[Event "Superettan(Burgsvik-Rockaden,Umea)"]
[Site "?"]
[Date "2014.11.23"]
[Round "3"]
[White "Magnussen, Helge"]
[Black "Packalen, Marcus"]
[Result "1/2-1/2"]
[WhiteElo "2112"]
[BlackElo "2142"]
[PlyCount "83"]

1. d4 Nf6 2. c4 e5 3. dxe5 Ng4 4. e3 Nxe5 5. Nh3 Ng6 6. Bd3 Bb4+ 7. Bd2 Bxd2+
8. Nxd2 d6 9. Bxg6 hxg6 10. Nf4 Nd7 11. Ne4 Nf6 12. Nxf6+ Qxf6 13. Nd5 Qd8 14.
Qd4 O-O 15. h4 c6 16. Nc3 Be6 17. h5 Qf6 18. Qxf6 gxf6 19. O-O-O Rad8 20. Ne4
Bxc4 21. b3 Be6 22. Rxd6 Rxd6 23. Nxd6 b6 24. Ne4 f5 25. Ng5 gxh5 26. Rxh5 Kg7
27. Rh7+ Kf6 28. Nxe6 Kxe6 29. Rh6+ f6 30. Rh7 Rf7 31. Rxf7 Kxf7 32. Kd2 Ke6
33. Kd3 Kd5 34. f3 c5 35. a4 a6 36. Kc3 b5 37. axb5 axb5 38. Kd3 Ke5 39. g3 Kd5
40. Kc3 Ke5 41. Kd3 Kd5 42. Kc3 1/2-1/2

[Event "Superettan(Burgsvik-Rockaden,Umea)"]
[Site "?"]
[Date "2014.11.23"]
[Round "3"]
[White "Larsson, Victor"]
[Black "Mardell, Jimmy"]
[Result "1-0"]
[WhiteElo "2143"]
[BlackElo "2141"]
[PlyCount "95"]

1. d4 Nf6 2. Nf3 e6 3. Bf4 c5 4. e3 Nc6 5. c3 Be7 6. h3 O-O 7. Nbd2 b6 8. Bd3
d5 9. Ne5 Bb7 10. Qf3 Nd7 11. Qg3 Ncxe5 12. dxe5 f6 13. exf6 Bxf6 14. Nf3 Re8
15. Bg5 e5 16. Bb5 Bxg5 17. Qg4 Bf6 18. Bxd7 Bc8 19. Bxc8 Qxc8 20. O-O-O e4 21.
Nd2 Qa6 22. a3 Rad8 23. c4 Qa4 24. Rhe1 g6 25. h4 Bg7 26. h5 gxh5 27. Qxh5 dxc4
28. Nxe4 Qb3 29. Rd2 c3 30. Nxc3 Rf8 31. Rh1 h6 32. Qd1 Qxd1+ 33. Nxd1 Rxd2 34.
Kxd2 Kh7 35. g4 Rd8+ 36. Ke2 Kg6 37. f4 b5 38. Rh5 Rc8 39. Nc3 b4 40. f5+ Kf7
41. Ne4 Rc6 42. axb4 cxb4 43. f6 Bf8 44. Kd3 a6 45. b3 Kg6 46. Rd5 Re6 47. Rd8
Kf7 48. g5 1-0

[Event "Superettan(Orebro-Manhem)"]
[Site "?"]
[Date "2014.11.23"]
[Round "3"]
[White "Winsnes, Rikard"]
[Black "Nygren, Kim"]
[Result "1-0"]
[WhiteElo "2401"]
[BlackElo "2225"]
[PlyCount "85"]

1. e4 e6 2. d4 d5 3. Nd2 Be7 4. Ngf3 Nf6 5. e5 Nfd7 6. Bd3 c5 7. c3 Nc6 8. O-O
a6 9. Re1 b5 10. dxc5 Nxc5 11. Bc2 Bb7 12. Nb3 Qc7 13. Nbd4 Rc8 14. Nxc6 Bxc6
15. Nd4 Bd7 16. Qg4 g6 17. Bh6 Bf8 18. Qf4 Na4 19. Bxf8 Rxf8 20. Bxa4 bxa4 21.
a3 f5 22. Qh6 Rf7 23. Rad1 Qb6 24. Rd2 Rc4 25. h4 Qd8 26. Re3 Qe7 27. Rg3 Kd8
28. h5 gxh5 29. Rg8+ Kc7 30. Qxh5 Rg7 31. Rxg7 Qxg7 32. Qh4 Qxe5 33. Rd1 Qg7
34. Qh2+ e5 35. Nc2 f4 36. Nb4 Bc6 37. Nxd5+ Kb7 38. Nb4 Be4 39. Qh3 Rc7 40. f3
Bc6 41. Qe6 Qg6 42. Nxc6 Rxc6 43. Qxe5 1-0

[Event "Superettan(Orebro-Manhem)"]
[Site "?"]
[Date "2014.11.23"]
[Round "3"]
[White "Drugge, Patrick"]
[Black "Welin, Mats"]
[Result "0-1"]
[WhiteElo "2175"]
[BlackElo "2304"]
[PlyCount "64"]

1. e4 e5 2. Nf3 Nc6 3. Bc4 Bc5 4. c3 Nf6 5. d3 O-O 6. Nbd2 d6 7. Bb3 Ne7 8. Nf1
Ng6 9. Ng3 Re8 10. O-O h6 11. d4 Bb6 12. Re1 Be6 13. h3 Bxb3 14. Qxb3 d5 15.
dxe5 dxe4 16. Rd1 Qc8 17. exf6 exf3 18. fxg7 fxg2 19. Qd5 Qxh3 20. Qxg2 Qg4 21.
Kh2 Qxd1 22. Bxh6 Qg4 23. Qh3 Qxh3+ 24. Kxh3 Bxf2 25. Nh5 Kh7 26. Bg5 Re5 27.
Kg4 Be3 28. Bxe3 Rxe3 29. Rh1 Rae8 30. Kf5 R8e5+ 31. Kf6 Kg8 32. Nf4 Re6+ 0-1

[Event "Superettan(Orebro-Manhem)"]
[Site "?"]
[Date "2014.11.23"]
[Round "3"]
[White "Hultin, Johan"]
[Black "Gruvaeus, Curt"]
[Result "1-0"]
[WhiteElo "2346"]
[BlackElo "2300"]
[PlyCount "83"]

1. d4 Nf6 2. c4 c5 3. d5 e6 4. Nc3 exd5 5. cxd5 d6 6. Nf3 a6 7. a4 g6 8. Nd2
Nbd7 9. e4 Bg7 10. Be2 O-O 11. O-O Re8 12. Ra3 g5 13. Re1 Ne5 14. Nf1 h6 15.
Ng3 Rb8 16. Qc2 c4 17. a5 b5 18. axb6 Qxb6 19. Nd1 Bd7 20. Be3 Qb5 21. Bd4 h5
22. Ne3 Nd3 23. Bxd3 cxd3 24. Rxd3 Nxe4 25. Nxh5 Bh8 26. Bxh8 Kxh8 27. Rd4 f5
28. f3 Rec8 29. Nc4 Qb4 30. Red1 Be8 31. fxe4 Bxh5 32. R1d2 f4 33. h3 Be8 34.
Kh2 a5 35. Qc3 Qxc3 36. bxc3 Rb1 37. Nxd6 Rxc3 38. Rd1 Rxd1 39. Rxd1 Bh5 40.
Rd2 Re3 41. Nc4 Rxe4 42. d6 1-0

[Event "Superettan(Orebro-Manhem)"]
[Site "?"]
[Date "2014.11.23"]
[Round "3"]
[White "Zetterberg, Staffan"]
[Black "Akesson, Joel"]
[Result "1/2-1/2"]
[WhiteElo "2200"]
[BlackElo "2290"]
[PlyCount "63"]

1. Nf3 Nf6 2. c4 b6 3. g3 Bb7 4. Bg2 e6 5. O-O Be7 6. b3 O-O 7. Bb2 c5 8. d3 d6
9. e4 Nc6 10. Qe2 e5 11. Nc3 Bc8 12. Nd5 Bg4 13. h3 Bxf3 14. Qxf3 Nxd5 15. cxd5
Nd4 16. Bxd4 cxd4 17. Rfc1 Bg5 18. Rc6 Bd2 19. h4 a5 20. Bh3 a4 21. bxa4 Bb4
22. Rb1 Bc5 23. Qd1 Qe7 24. Rb5 Ra5 25. Qb3 Qa7 26. Rxa5 Qxa5 27. Qb5 Qd2 28.
Rc7 g6 29. a5 bxa5 30. a4 Qb4 31. Qb7 Qxb7 32. Rxb7 1/2-1/2

[Event "Superettan(Orebro-Manhem)"]
[Site "?"]
[Date "2014.11.23"]
[Round "3"]
[White "Landgren, Philip"]
[Black "Blomstrom, Lars"]
[Result "1-0"]
[WhiteElo "2247"]
[BlackElo "2147"]
[PlyCount "133"]

1. Nf3 Nf6 2. c4 g6 3. Nc3 Bg7 4. e4 d6 5. d4 O-O 6. Be2 e5 7. dxe5 dxe5 8.
Qxd8 Rxd8 9. Bg5 Re8 10. Nd5 Nxd5 11. cxd5 c6 12. Bc4 cxd5 13. Bxd5 Nd7 14. Nd2
Nb6 15. Bb3 Be6 16. Ke2 Bxb3 17. axb3 a6 18. Be3 Nd7 19. Rac1 Rac8 20. Nc4 Bf8
21. Rhd1 Nc5 22. Nb6 Rc6 23. Bxc5 Rxc5 24. Nd7 Rxc1 25. Nf6+ Kh8 26. Rxc1 Re6
27. Nd5 Bd6 28. Rc8+ Kg7 29. Kd3 h5 30. f3 a5 31. Ra8 Bb4 32. Rc8 h4 33. h3 Be1
34. Rc7 b6 35. Ke2 Bb4 36. Kd3 Be1 37. Kc4 Bf2 38. Kb5 Rd6 39. Rc6 Rd8 40. Rc7
Rd6 41. Rc6 Rd8 42. Nxb6 Bxb6 43. Kxb6 Rd2 44. Kxa5 Rxg2 45. b4 Rxb2 46. b5 Kh6
47. b6 Kg5 48. Rc4 Kf4 49. Rb4 Ra2+ 50. Kb5 Ra8 51. b7 Rb8 52. Kc6 Kxf3 53. Kc7
Rxb7+ 54. Rxb7 f5 55. Kd6 Kf4 56. exf5 gxf5 57. Ke6 e4 58. Rb5 e3 59. Rxf5+ Kg3
60. Re5 Kxh3 61. Kf5 Kg2 62. Rxe3 h3 63. Kg4 h2 64. Re2+ Kg1 65. Kg3 h1=N+ 66.
Kf3 Kf1 67. Rg2 1-0

[Event "Superettan(Orebro-Manhem)"]
[Site "?"]
[Date "2014.11.23"]
[Round "3"]
[White "Al Hadarani, Hatim"]
[Black "Sundelius, Per"]
[Result "1-0"]
[WhiteElo "2279"]
[BlackElo "2063"]
[PlyCount "69"]

1. d4 Nf6 2. Bg5 Ne4 3. Bf4 g6 4. f3 Nf6 5. e4 d6 6. Qd2 h6 7. Nc3 Bg7 8. Bc4
e6 9. Nge2 Nbd7 10. g4 Nb6 11. Bb3 Bd7 12. a4 a6 13. a5 Nc8 14. e5 Ng8 15. h4
d5 16. h5 g5 17. Be3 Na7 18. O-O Qe7 19. Na4 Bxa4 20. Bxa4+ c6 21. Nc1 O-O-O
22. Nd3 f6 23. exf6 Bxf6 24. Bf2 Qg7 25. c3 Nb5 26. Rfe1 Re8 27. Bg3 Qf8 28.
Kg2 Nd6 29. Nc5 e5 30. dxe5 Nc4 31. Qd4 Bd8 32. Nxa6 Nxa5 33. Qa7 Re6 34. Nc5
Re7 35. e6 1-0

[Event "Superettan(Orebro-Manhem)"]
[Site "?"]
[Date "2014.11.23"]
[Round "3"]
[White "Jonsson, Krister"]
[Black "Fendrich, David"]
[Result "1/2-1/2"]
[WhiteElo "2095"]
[BlackElo "2168"]
[PlyCount "230"]

1. d4 d6 2. Nf3 g6 3. c4 Bg7 4. Nc3 e5 5. e3 f5 6. Be2 c6 7. e4 fxe4 8. Nxe4
exd4 9. Nxd4 Qa5+ 10. Nc3 Nf6 11. O-O O-O 12. Re1 Na6 13. Bf3 Nc7 14. Bf4 Nfe8
15. Bg3 Qc5 16. Nb3 Qxc4 17. Re4 Qf7 18. Bxd6 Nxd6 19. Qxd6 Bf6 20. Rae1 Rd8
21. Qg3 Bf5 22. R4e3 Ne6 23. Ne4 Bxe4 24. Rxe4 Ng5 25. R4e2 Nxf3+ 26. Qxf3 Re8
27. Kf1 Rxe2 28. Qxe2 b6 29. Nc1 Kf8 30. b3 Re8 31. Qf3 Rxe1+ 32. Kxe1 Qe6+ 33.
Ne2 Kg7 34. Qd3 Kf7 35. Kd2 Ke7 36. h3 Qd6 37. Qxd6+ Kxd6 38. Kd3 Kd5 39. Nf4+
Ke5 40. Ne2 Kd5 41. Nf4+ Ke5 42. Ne2 Be7 43. Nd4 Kd5 44. Ne2 b5 45. Nc3+ Kc5
46. Nd1 Kb4 47. Kc2 Bc5 48. Ne3 Bxe3 49. fxe3 a5 50. e4 Kc5 51. Kd3 Kd6 52. a4
bxa4 53. bxa4 Ke5 54. Kc4 Kxe4 55. Kc5 g5 56. Kb6 c5 57. Kxc5 Kf4 58. Kb5 Kg3
59. Kxa5 Kxg2 60. Kb5 Kxh3 61. a5 g4 62. a6 g3 63. a7 g2 64. a8=Q g1=Q 65. Qf3+
Qg3 66. Qh1+ Qh2 67. Qf3+ Kh4 68. Qf6+ Kg4 69. Qg7+ Kf3 70. Qf7+ Ke4 71. Qb7+
Kd4 72. Qd7+ Ke3 73. Qe7+ Kd2 74. Qd7+ Kc1 75. Qc6+ Kd1 76. Qd7+ Ke1 77. Qd4
Qe2+ 78. Kc6 h5 79. Qh4+ Kd2 80. Qb4+ Ke3 81. Qe7+ Kf3 82. Qf6+ Kg2 83. Qg5+
Kf1 84. Qf4+ Kg1 85. Qd4+ Kg2 86. Qg7+ Qg4 87. Qb2+ Kg3 88. Qe5+ Kh4 89. Qe1+
Qg3 90. Qe7+ Kh3 91. Qe6+ Kh2 92. Kc5 h4 93. Qe2+ Kh1 94. Qe4+ Kg1 95. Qb1+ Kg2
96. Qe4+ Kf1 97. Qc4+ Kg1 98. Qe4 h3 99. Qb1+ Kg2 100. Qe4+ Qf3 101. Qg6+ Kh2
102. Qc2+ Qg2 103. Qf5 Kh1 104. Kd4 h2 105. Ke3 Qg3+ 106. Ke2 Qg2+ 107. Ke3
Qg1+ 108. Ke2 Qg2+ 109. Ke3 Kg1 110. Qb1+ Qf1 111. Qg6+ Qg2 112. Qb1+ Qf1 113.
Qg6+ Kh1 114. Qe4+ Kg1 115. Qg6+ Kh1 1/2-1/2

[Event "Superettan(Kamraterna-Limhamn II)"]
[Site "?"]
[Date "2015.01.17"]
[Round "4"]
[White "Golubenko, Valeriy"]
[Black "Aberg, Anton"]
[Result "1/2-1/2"]
[WhiteElo "2225"]
[BlackElo "2395"]
[PlyCount "144"]
[EventDate "2015.??.??"]
[SourceDate "2015.01.25"]

1. c4 e5 2. Nc3 Nf6 3. Nf3 Nc6 4. e3 Bb4 5. Qc2 O-O 6. Nd5 Bc5 7. a3 a5 8. Bd3
h6 9. h4 d6 10. Ng5 Nxd5 11. cxd5 Ne7 12. g4 Bxg4 13. Rg1 Bh5 14. Nh7 Ng6 15.
Nxf8 Kxf8 16. Be2 Bxe2 17. Kxe2 Qxh4 18. Qf5 Nf4+ 19. Kf1 g6 20. Qe4 Qh3+ 21.
Ke1 Qh2 22. Qh1 Qxh1 23. Rxh1 Nxd5 24. Rxh6 Kg7 25. Rh1 a4 26. d3 Ra6 27. Bd2
Rb6 28. Rh4 Rxb2 29. Rxa4 f5 30. Kd1 f4 31. Kc1 Rb5 32. exf4 exf4 33. Bxf4 Bxf2
34. Bd2 Bc5 35. Kc2 Ne3+ 36. Bxe3 Bxe3 37. Rb1 Rxb1 38. Kxb1 Kf6 39. Kc2 g5 40.
Kd1 Bc5 41. Ke2 Kf5 42. Kf3 d5 43. Ra8 g4+ 44. Ke2 Kf4 45. a4 g3 46. Rg8 b6 47.
Rg7 Bd6 48. Rg8 Be5 49. Rf8+ Kg4 50. Rf7 Bd4 51. Kf1 c5 52. Kg2 Bf2 53. Rd7 c4
54. dxc4 dxc4 55. Rc7 Kf4 56. Rxc4+ Ke5 57. Kf3 Kd5 58. Rg4 Kc5 59. Ke2 Kc6 60.
Rg5 Kd6 61. Kd3 Ke6 62. Ke4 Kd6 63. Rg4 Kc5 64. Kd3 Kd5 65. Rg5+ Ke6 66. Ke4
Kf6 67. Rg4 Ke6 68. Rg6+ Kf7 69. Kf5 Ke7 70. Ke5 Kf7 71. Rg4 Ke7 72. Rg7+ Kf8
1/2-1/2

[Event "Superettan(Kamraterna-Limhamn II)"]
[Site "?"]
[Date "2015.01.17"]
[Round "4"]
[White "Andreasson, Ingvar"]
[Black "Mansson, Lars"]
[Result "1/2-1/2"]
[WhiteElo "2349"]
[BlackElo "2224"]
[PlyCount "110"]

1. Nf3 Nf6 2. b3 d5 3. Bb2 c6 4. d3 Bg4 5. Nbd2 Nbd7 6. h3 Bh5 7. e4 dxe4 8.
dxe4 Qa5 9. Bd3 Bxf3 10. Qxf3 e6 11. a3 Ne5 12. Qe2 Rd8 13. b4 Qc7 14. Nc4 Nxc4
15. Bxc4 a5 16. b5 Qf4 17. Bd3 Nd7 18. bxc6 bxc6 19. g3 Qc7 20. O-O Ne5 21. Kg2
Bc5 22. Rad1 Rb8 23. Bc1 O-O 24. Ba6 Qe7 25. f4 Nd7 26. Rf3 Nb6 27. h4 Rfd8 28.
Rfd3 Rxd3 29. Rxd3 Ra8 30. Rb3 h6 31. h5 e5 32. fxe5 Qxe5 33. Bf4 Qa1 34. Qf1
Qd4 35. Qd3 Qg1+ 36. Kh3 Qh1+ 37. Kg4 Re8 38. Qf3 Qe1 39. Bd3 Nd7 40. Kh3 Ne5
41. Bxe5 Rxe5 42. g4 Bd6 43. Bc4 Re7 44. Rd3 Bc7 45. Rd1 Qxe4 46. Bxf7+ Kf8 47.
Qxe4 Rxe4 48. Rd7 Re7 49. Rxe7 Kxe7 50. Bg6 Kd6 51. a4 Kd5 52. Kg2 Kc4 53. Be8
c5 54. Bb5+ Kc3 55. Bd3 c4 1/2-1/2

[Event "Superettan(Kamraterna-Limhamn II)"]
[Site "?"]
[Date "2015.01.17"]
[Round "4"]
[White "Holst, Conny"]
[Black "Hamark, Jesper"]
[Result "0-1"]
[WhiteElo "2197"]
[BlackElo "2339"]
[PlyCount "130"]

1. d4 d6 2. Nf3 g6 3. g3 Bg7 4. c4 Nd7 5. Bg2 e5 6. Nc3 Ne7 7. O-O O-O 8. e4
exd4 9. Nxd4 Nc6 10. Nc2 Nde5 11. Ne3 Be6 12. Ncd5 Na5 13. f4 Nexc4 14. f5 Nxe3
15. Nxe3 Bd7 16. Nd5 c6 17. Ne3 d5 18. fxg6 hxg6 19. exd5 Qb6 20. Kh1 Rad8 21.
Qf3 Qa6 22. Bd2 Nc4 23. Nxc4 Qxc4 24. Bg5 Rde8 25. d6 f6 26. Bd2 Re6 27. b3 Qe2
28. Bc3 Qxf3 29. Bxf3 f5 30. Bxg7 Kxg7 31. Rfd1 Rff6 32. Rd2 Rxd6 33. Rad1 Rxd2
34. Rxd2 Rf7 35. h4 Kf6 36. b4 Be6 37. Kg1 Rd7 38. Rxd7 Bxd7 39. Kf2 Ke5 40.
Ke3 b6 41. a3 c5 42. bxc5 bxc5 43. Bd1 Be6 44. Ba4 Bf7 45. Bc2 Bd5 46. Ba4 Be6
47. Be8 Kf6 48. Kf4 Bd5 49. Ba4 Bf7 50. Bb5 Bb3 51. Be8 Ba2 52. Bc6 Bb1 53. Bd5
Bd3 54. Bc6 Bc4 55. Be8 Bd5 56. Bb5 Bb3 57. Be8 c4 58. Ke3 c3 59. Bb5 g5 60.
hxg5+ Kxg5 61. Bd7 Bc4 62. Bc8 Kg4 63. Bd7 c2 64. Kd2 Bd3 65. a4 Kxg3 0-1

[Event "Superettan(Kamraterna-Limhamn II)"]
[Site "?"]
[Date "2015.01.17"]
[Round "4"]
[White "Svensson, Bengt"]
[Black "Tadjerbashi, Amir"]
[Result "1/2-1/2"]
[WhiteElo "2345"]
[BlackElo "2205"]
[PlyCount "74"]

1. e4 e5 2. Nf3 Nc6 3. Bb5 a6 4. Ba4 Nf6 5. O-O Be7 6. Re1 b5 7. Bb3 O-O 8. c3
d5 9. exd5 Nxd5 10. Nxe5 Nxe5 11. Rxe5 c6 12. d4 Bd6 13. Re1 Qh4 14. g3 Qh3 15.
Re4 g5 16. Qf1 Qxf1+ 17. Kxf1 Bh3+ 18. Kg1 f5 19. Re1 Rae8 20. Bd2 Kh8 21. Na3
Bxa3 22. bxa3 f4 23. f3 fxg3 24. hxg3 Rxe1+ 25. Rxe1 Rxf3 26. Bxd5 cxd5 27.
Bxg5 Rxg3+ 28. Kh2 Rxg5 29. Kxh3 Rg6 30. Re8+ Rg8 31. Re6 Rc8 32. Rxa6 Rxc3+
33. Kg4 Rd3 34. Rb6 Rxd4+ 35. Kf5 Rd3 36. Rxb5 Rxa3 37. Rxd5 Rxa2 1/2-1/2

[Event "Superettan(Kamraterna-Limhamn II)"]
[Site "?"]
[Date "2015.01.17"]
[Round "4"]
[White "Astrom, Lars"]
[Black "Svenn, Gosta"]
[Result "0-1"]
[WhiteElo "2102"]
[BlackElo "2300"]
[PlyCount "51"]

1. e4 Nf6 2. e5 Nd5 3. d4 d6 4. Nf3 dxe5 5. Nxe5 g6 6. Be2 Bg7 7. O-O O-O 8. c4
Nb6 9. Nc3 c6 10. Be3 Bf5 11. Qb3 N8d7 12. Rad1 Qc7 13. Nxd7 Qxd7 14. d5 Qc7
15. Bf3 Nd7 16. g3 Ne5 17. Be2 Qc8 18. Bg5 Re8 19. Rfe1 Bg4 20. Qc2 Bf3 21. Bf4
Qh3 22. Bf1 Bxd1 23. Qxd1 Qf5 24. Qe2 Nd7 25. Bg2 Qf6 26. Qd2 0-1

[Event "Superettan(Kamraterna-Limhamn II)"]
[Site "?"]
[Date "2015.01.17"]
[Round "4"]
[White "Madebrink, Lars"]
[Black "Mansson, Peter"]
[Result "1-0"]
[WhiteElo "2185"]
[BlackElo "2144"]
[PlyCount "91"]

1. d4 Nf6 2. c4 c5 3. Nf3 cxd4 4. Nxd4 e5 5. Nc2 b5 6. Nc3 bxc4 7. e4 Ba6 8.
Be2 Nc6 9. O-O Bc5 10. Ne3 O-O 11. Nxc4 Nd4 12. Bd3 Bxc4 13. Bxc4 Rb8 14. b3
Bb4 15. Bb2 Qa5 16. Ne2 Nxe2+ 17. Qxe2 Bc3 18. Bxc3 Qxc3 19. Rad1 Rb6 20. Rd3
Qb4 21. Rfd1 Rd8 22. Qe3 Qe7 23. h3 Ne8 24. Qd2 d6 25. Qa5 Nf6 26. Rf3 Qb7 27.
Qxe5 Re8 28. Qg3 d5 29. Bxd5 Nxd5 30. Rxd5 Rg6 31. Qe5 Rge6 32. Qd4 R6e7 33.
Rd3 h6 34. e5 Qc6 35. Rd8 Qc7 36. Qd6 Qc1+ 37. Rd1 Qg5 38. f4 Qh4 39. Qc6 Rxd8
40. Rxd8+ Kh7 41. Qe4+ g6 42. Qa8 g5 43. Rh8+ Kg6 44. Qe4+ f5 45. Qc6+ Kg7 46.
Qf6# 1-0

[Event "Superettan(Kamraterna-Limhamn II)"]
[Site "?"]
[Date "2015.01.17"]
[Round "4"]
[White "Morling, Joakim"]
[Black "Andersson, Michael"]
[Result "1-0"]
[WhiteElo "2115"]
[BlackElo "2136"]
[PlyCount "59"]

1. d4 g6 2. c4 Bg7 3. Nc3 c5 4. d5 Bxc3+ 5. bxc3 f5 6. e4 fxe4 7. f3 Qa5 8. Qc2
d6 9. fxe4 Nf6 10. Bd3 Nbd7 11. Nf3 Ng4 12. O-O Nde5 13. Ne1 Bd7 14. Rb1 O-O-O
15. Bg5 Rde8 16. h3 h6 17. Bf4 g5 18. Bg3 Nf6 19. Qb2 Qc7 20. Bxe5 dxe5 21. d6
Qc6 22. Bc2 b6 23. Qa3 a5 24. Nd3 Qxd6 25. Nxe5 Bxh3 26. Rxb6 Qxe5 27. Qxa5 Bd7
28. Rd1 e6 29. Qa8+ Kc7 30. Rb7+ 1-0

[Event "Superettan(Kamraterna-Limhamn II)"]
[Site "?"]
[Date "2015.01.17"]
[Round "4"]
[White "Borvander, Tom"]
[Black "Ollen, Martin"]
[Result "1/2-1/2"]
[WhiteElo "2182"]
[BlackElo "2017"]
[PlyCount "62"]

1. d4 Nf6 2. c4 g6 3. Nc3 Bg7 4. Nf3 O-O 5. g3 d5 6. Qb3 dxc4 7. Qxc4 Be6 8.
Qa4 Nd5 9. Bg2 Nc6 10. O-O Nb6 11. Qc2 Bg4 12. e3 Nb4 13. Qb3 a5 14. a3 Be6 15.
Qd1 N4d5 16. Ne4 Qc8 17. Nc5 Bg4 18. Qc2 Nd7 19. h3 Bxf3 20. Bxf3 c6 21. Bg2
Nxc5 22. Qxc5 Qd7 23. Rd1 Rfd8 24. Bd2 a4 25. Qc2 Nc7 26. Bc3 Nd5 27. e4 Nxc3
28. bxc3 Qc7 29. Qb2 e5 30. Rac1 b6 31. d5 Bf8 1/2-1/2

[Event "Superettan(Manhem-Vaxjo)"]
[Site "?"]
[Date "2015.01.17"]
[Round "4"]
[White "Bromann, Thorbjorn"]
[Black "Winsnes, Rikard"]
[Result "1/2-1/2"]
[WhiteElo "2450"]
[BlackElo "2403"]
[PlyCount "82"]
[SourceDate "2015.01.25"]

1. d4 Nf6 2. Bg5 Ne4 3. Bf4 c5 4. f3 Qa5+ 5. c3 Nf6 6. d5 Qb6 7. Bc1 g6 8. e4
d6 9. c4 Bg7 10. Ne2 e6 11. Nec3 O-O 12. Be2 exd5 13. cxd5 Bd7 14. O-O Qc7 15.
Be3 Na6 16. Qd2 Rab8 17. Na3 Nb4 18. Nab5 Qb6 19. a3 Bxb5 20. Nxb5 Na6 21. b4
Nd7 22. Rab1 Ra8 23. Rfc1 Rfe8 24. Kf1 Bf8 25. Bf4 Ne5 26. bxc5 Nxc5 27. a4 Qd8
28. a5 a6 29. Na3 Qd7 30. Be3 f5 31. exf5 gxf5 32. Nc2 Qe7 33. Bg5 Qf7 34. Rb4
Rac8 35. Rcb1 Bg7 36. Be3 Ned7 37. Bd4 Nf6 38. Ne3 Qh5 39. Kg1 Bh6 40. f4 Qg6
41. Rf1 Re4 1/2-1/2

[Event "Superettan(Manhem-Vaxjo)"]
[Site "?"]
[Date "2015.01.17"]
[Round "4"]
[White "Welin, Mats"]
[Black "Carstensen, Jacob"]
[Result "1/2-1/2"]
[WhiteElo "2312"]
[BlackElo "2361"]
[PlyCount "82"]

1. e4 c5 2. Nf3 d6 3. d4 Nf6 4. Nc3 cxd4 5. Nxd4 a6 6. Be2 e5 7. Nb3 Be7 8. O-O
O-O 9. Kh1 Nc6 10. Be3 Be6 11. Qd2 Rc8 12. Rfd1 Qc7 13. Rac1 Rfd8 14. Nd5 Bxd5
15. exd5 Nb8 16. c4 b6 17. Na1 a5 18. Nc2 Ne4 19. Qe1 Na6 20. Bg4 Ra8 21. Na3
Nec5 22. Nb5 Qb7 23. b3 Nc7 24. Nc3 g6 25. f4 f5 26. Be2 Bf6 27. g4 exf4 28.
Bxf4 N7e6 29. Bd2 Nd4 30. Qf2 Qe7 31. g5 Ne4 32. Qg2 Nxg5 33. Re1 Nf7 34. Bd1
Qf8 35. Qf2 Qg7 36. Re3 Ng5 37. Rg3 Ne4 38. Nxe4 fxe4 39. Rg4 Re8 40. Be3 Nf5
41. Bc2 Nxe3 1/2-1/2

[Event "Superettan(Manhem-Vaxjo)"]
[Site "?"]
[Date "2015.01.17"]
[Round "4"]
[White "Rydstrom, Tom"]
[Black "Hultin, Johan"]
[Result "1-0"]
[WhiteElo "2292"]
[BlackElo "2363"]
[PlyCount "42"]

1. e4 c5 2. Nf3 d6 3. d4 cxd4 4. Nxd4 Nf6 5. Nc3 a6 6. f4 e5 7. Nf5 d5 8. Ne3
Bb4 9. Nexd5 Nxe4 10. Be3 exf4 11. Bxf4 Nxc3 12. bxc3 Ba5 13. Bc4 O-O 14. O-O
Nc6 15. Qh5 Be6 16. Rad1 Bxd5 17. Rxd5 Qb6+ 18. Kh1 Bxc3 19. Bd6 Nb4 20. Bxf8
Rxf8 21. Rd7 g6 1-0

[Event "Superettan(Manhem-Vaxjo)"]
[Site "?"]
[Date "2015.01.17"]
[Round "4"]
[White "Olausson, Claes-Goran"]
[Black "Alle, Ambjorn"]
[Result "0-1"]
[WhiteElo "2285"]
[BlackElo "2233"]
[PlyCount "74"]

1. Nf3 d5 2. d4 Nf6 3. c4 dxc4 4. e3 b5 5. a4 b4 6. Bxc4 e6 7. O-O Bb7 8. Ne5
Bd6 9. f4 O-O 10. Nd2 c5 11. Ndf3 Ne4 12. a5 a6 13. Qa4 Qc7 14. Qa2 Nc6 15. Bd3
Ne7 16. Qb1 f5 17. Qa2 Bd5 18. b3 cxd4 19. exd4 Qc3 20. Be3 Bxb3 21. Qe2 Qc8
22. Rfc1 Nc3 23. Qb2 Bd5 24. Nd2 Qd8 25. Nb3 Be4 26. Bf1 Ned5 27. Bd2 Qc7 28.
g3 g5 29. Bc4 Bxe5 30. Bxd5 Bxd5 31. Bxc3 bxc3 32. Rxc3 Qa7 33. fxe5 Rab8 34.
Rd1 f4 35. Qc2 Qg7 36. Rc7 Qh6 37. Rc3 f3 0-1

[Event "Superettan(Manhem-Vaxjo)"]
[Site "?"]
[Date "2015.01.17"]
[Round "4"]
[White "Olofsson-Dolk, Mattis"]
[Black "Al Hadarani, Hatim"]
[Result "1-0"]
[WhiteElo "2228"]
[BlackElo "2273"]
[PlyCount "90"]
[EventDate "2015.??.??"]

1. e4 c6 2. d4 g6 3. Nc3 Bg7 4. f4 d5 5. e5 Nh6 6. Nf3 b6 7. Be3 f6 8. Qd2 a5
9. O-O-O a4 10. h3 f5 11. a3 b5 12. Na2 Na6 13. Ne1 Qb6 14. Nd3 Nf7 15. Be2 Nd8
16. g4 Nb7 17. Nab4 Na5 18. Nc5 Nc7 19. Rhg1 Bf8 20. Bd3 Nc4 21. Qe2 e6 22. h4
Na6 23. Nbxa6 Bxa6 24. Bxc4 bxc4 25. c3 Bc8 26. gxf5 exf5 27. h5 Ra7 28. hxg6
hxg6 29. Rxg6 Rah7 30. Rdg1 Rh2 31. R6g2 R2h3 32. Nxa4 Qb3 33. Nc5 Qa2 34. e6
Ke7 35. Bf2 Rxc3+ 36. bxc3 Qxe2 37. Bh4+ Rxh4 38. Rxe2 Rxf4 39. Rh1 Re4 40.
Rh7+ Kd6 41. Nxe4+ dxe4 42. e7 Bxe7 43. Rg2 Be6 44. Rg6 f4 45. Rhh6 Kd5 1-0

[Event "Superettan(Manhem-Vaxjo)"]
[Site "?"]
[Date "2015.01.17"]
[Round "4"]
[White "Moberg, Karl Johan"]
[Black "Moren, Bjorn"]
[Result "1-0"]
[WhiteElo "2299"]
[BlackElo "2103"]
[PlyCount "89"]

1. d4 d5 2. c4 dxc4 3. e4 Nf6 4. e5 Nd5 5. Bxc4 Nc6 6. Ne2 Bg4 7. Nbc3 Nb6 8.
Bb3 Qd7 9. f3 Bf5 10. Be3 O-O-O 11. O-O f6 12. exf6 gxf6 13. d5 Ne5 14. Bxb6
axb6 15. Nd4 Kb8 16. Nxf5 Qxf5 17. Qe2 Qf4 18. Rad1 Bh6 19. g3 Qe3+ 20. Qxe3
Bxe3+ 21. Kg2 Bc5 22. Rfe1 h5 23. Ne4 h4 24. Nxc5 h3+ 25. Kf2 bxc5 26. f4 Ng4+
27. Kg1 Rh7 28. Bc2 Rh5 29. Be4 f5 30. Bf3 Rd7 31. Re6 Rh8 32. Rg6 Rhd8 33. Re1
Nf6 34. Rh6 Nxd5 35. Rxh3 Nf6 36. Re2 Rd2 37. Kf2 c4 38. Rh6 b5 39. Rg6 b4 40.
Rg5 e6 41. g4 fxg4 42. Bc6 c3 43. Ra5 Ne4+ 44. Kf1 c2 45. Ra8# 1-0

[Event "Superettan(Manhem-Vaxjo)"]
[Site "?"]
[Date "2015.01.17"]
[Round "4"]
[White "Gutzmann, Tobias"]
[Black "Akesson, Joel"]
[Result "1/2-1/2"]
[WhiteElo "2101"]
[BlackElo "2283"]
[PlyCount "61"]

1. d4 e6 2. c4 Nf6 3. g3 Bb4+ 4. Bd2 Qe7 5. Bg2 Nc6 6. Nf3 Bxd2+ 7. Nbxd2 O-O
8. O-O d6 9. Qc2 e5 10. e3 Bg4 11. h3 Bh5 12. Nh4 exd4 13. Bxc6 bxc6 14. exd4
Rfe8 15. Kg2 Bg6 16. Nxg6 hxg6 17. Nf3 Rab8 18. Rfe1 Qd7 19. Ng5 c5 20. Qd2
Qc6+ 21. d5 Qd7 22. Rxe8+ Rxe8 23. Re1 c6 24. Rxe8+ Qxe8 25. dxc6 Qxc6+ 26. f3
d5 27. cxd5 Qxd5 28. Qxd5 Nxd5 29. Ne4 c4 30. Nc3 Nb4 31. b3 1/2-1/2

[Event "Superettan(Manhem-Vaxjo)"]
[Site "?"]
[Date "2015.01.17"]
[Round "4"]
[White "Landgren, Philip"]
[Black "Sevastianov, Andrii"]
[Result "1/2-1/2"]
[WhiteElo "2248"]
[BlackElo "2071"]
[PlyCount "67"]

1. Nf3 Nf6 2. c4 c5 3. Nc3 Nc6 4. e3 g6 5. d4 cxd4 6. exd4 d5 7. cxd5 Nxd5 8.
Qb3 Nxc3 9. Bc4 Nd5 10. Bxd5 e6 11. Bxc6+ bxc6 12. O-O Qd5 13. Bf4 Qxb3 14.
axb3 f6 15. Rfc1 g5 16. Be3 Bb7 17. Nd2 h5 18. Nc4 Rh7 19. Ra4 Rc7 20. Rca1 a6
21. Na5 Bd6 22. Rc4 Kd7 23. b4 Rb8 24. Nb3 Bc8 25. Bd2 Rb5 26. Nc5+ Bxc5 27.
dxc5 e5 28. Bc3 Ke7 29. Re4 h4 30. Rd1 Rd7 31. Rxd7+ Bxd7 32. h3 Rb8 33. Re1
Rd8 34. Rd1 1/2-1/2